|
|
|
|
| LEADER |
01385nam a22003017a 4500 |
| 001 |
36080 |
| 003 |
BD-DhAAL |
| 005 |
20250622115020.0 |
| 008 |
211107t20041988bg a|||| |||| 001 0 ben d |
| 020 |
|
|
|a 9844013054
|
| 040 |
|
|
|a BD-DhAAL
|d BD-DhAAL
|
| 041 |
|
|
|a ben
|
| 082 |
|
|
|a 410
|2 23
|
| 100 |
|
|
|a আজাদ, হুমায়ুন.
|9 42389
|
| 245 |
|
|
|a তুলনামুলক ও ঐতিহাসিক ভাষাবিজ্ঞান /
|c হুমায়ুন আজাদ.
|
| 246 |
|
|
|a Tulanamulak o aitihashk bhashabijnan
|
| 246 |
|
|
|a Comparative and historical linguistics
|
| 250 |
|
|
|a দ্বিতীয় সংস্করণ.
|
| 260 |
|
|
|a ঢাকা :
|b আগামী প্রকাশনী,
|c ২০০৪ [তৃতীয় মুর্দ্রণ].
|
| 300 |
|
|
|a ১৮৮ পৃষ্ঠা :
|b চিত্র ;
|c ২২ সে.মি.
|
| 504 |
|
|
|a নিঘন্ট অন্তর্ভুক্ত
|
| 526 |
|
|
|a BIED
|
| 541 |
|
|
|a Complimentary copy from BIED
|e 36080
|
| 650 |
|
|
|a Linguistics.
|9 42390
|
| 852 |
|
|
|a Ayesha Abed Library
|c BIED Collection
|
| 942 |
|
|
|2 ddc
|c BK
|
| 999 |
|
|
|c 43316
|d 43316
|
| 952 |
|
|
|0 0
|1 0
|2 ddc
|4 0
|6 410_000000000000000_AZA
|7 0
|9 69484
|a BRACUL
|b BRACUL
|c GEN
|d 2021-11-07
|e Complimentary copy from BIED
|l 2
|m 30
|o 410 AZA
|p 3010036080
|r 2023-12-17
|s 2023-06-02
|t 1
|w 2021-11-07
|y BK
|x Transferred from BIED to General Stacks
|